Performance-related pay in Slovak and English local governments

Guardado en:
Detalles Bibliográficos
Autor principal: Jacko, Tomáš, 1987-
Formato: Capítulo de libro
Lenguaje:inglés
Etiquetas: Agregar Etiqueta
Sin Etiquetas, Sea el primero en etiquetar este registro!

MARC

LEADER 00000naa$a2200000$$$4500
001 0185607
005 20240502083437.5
041 0 |a eng 
044 |a CZ 
245 1 0 |a Performance-related pay in Slovak and English local governments  |c Tomáš Jacko 
100 1 |a Jacko, Tomáš, 1987-